[Event "Vellmar op 10th"]
[Site "Vellmar"]
[Date "2018.07.15"]
[Round "6"]
[White "Retzlaff, Thomas"]
[Black "Hoffmann, Sebastian1111"]
[Result "1-0"]
[WhiteElo "1879"]
[BlackElo "2174"]
[PlyCount "121"]
[EventDate "2018.07.12"]
[EventType "swiss"]
[EventRounds "7"]
[EventCountry "GER"]
[SourceTitle "CBM 185 Extra"]
[Source "ChessBase"]
[SourceDate "2018.07.29"]
[SourceVersion "1"]
[SourceVersionDate "2018.07.29"]
[SourceQuality "1"]

1. d4 d5 2. Bf4 Nf6 3. e3 c5 4. c3 Nc6 5. Bd3 e6 6. Nf3 Bd6 7. Bg3 0-0 8. Nbd2 b6 9. Qe2 Bb7 10. e4 Be7 11. e5 Nd7 12. h4 f5 13. Bf4 Qe8 14. h5 c4 15. Bc2 b5 16. Ng5 Bxg5 17. Bxg5 Ne7 18. f4 a5 19. Nf3 Kf7 20. Bh4 h6 21. Kd2 Qc8 22. Qf2 Nb6 23. Bxe7 Kxe7 24. Nh4 Rf7 25. g4 Kd8 26. gxf5 exf5 27. Rhg1 Ra6 28. Rae1 Na8 29. Qg3 Nc7 30. Qh3 Bc6 31. Bxf5 Bd7 32. Bxd7 Qxd7 33. Qxd7+ Rxd7 34. f5 Ne8 35. Ref1 b4 36. Rg6 Rxg6 37. hxg6 Ke7 38. Ng2 Rb7 39. Nf4 Rb5 40. Nh5 Rb6 41. Rf2 Ra6 42. Nf4 Nc7 43. Ng2 Ne8 44. Ne3 Nc7 45. Ng4 Ne8 46. Rh2 Rb6 47. Re2 Kf8 48. Ne3 Nc7 49. Ng2 Ke7 50. Nf4 Kf8 51. Rg2 Ke7 52. Nh5 Ne8 53. f6+ Kf8 54. f7 Nc7 55. Nf4 a4 56. Kc1 bxc3 57. bxc3 a3 58. e6 Ke7 59. Rf2 Kf8 60. e7+ Kxe7 61. Nxd5+ 1-0

[Event "Pfalz op-B 9th"]
[Site "Neustadt an der Weinstrasse"]
[Date "2018.02.12"]
[Round "7"]
[White "Retzlaff, Thomas"]
[Black "Boder, Jan"]
[Result "1/2-1/2"]
[WhiteElo "1807"]
[BlackElo "1705"]
[PlyCount "38"]
[EventDate "2018.02.09"]
[EventType "swiss"]
[EventRounds "7"]
[EventCountry "GER"]
[SourceTitle "CBM 182 Extra"]
[Source "ChessBase"]
[SourceDate "2018.02.23"]
[SourceVersion "1"]
[SourceVersionDate "2018.02.23"]
[SourceQuality "1"]

1. d4 Nf6 2. Bf4 g6 3. c4 c5 4. Nc3 cxd4 5. Qxd4 Nc6 6. Qd2 Bg7 7. Nf3 d6 8. e4 Be6 9. Be2 Na5 10. Bh6 Bxh6 11. Qxh6 Bxc4 12. Ng5 Bxe2 13. Nxe2 Qb6 14. 0-0 Rf8 15. e5 dxe5 16. Rad1 Nd7 17. Nc3 0-0-0 18. Nd5 Qd6 19. Ne3 Qb6 1/2-1/2

[Event "Pfalz op-B 9th"]
[Site "Neustadt an der Weinstrasse"]
[Date "2018.02.11"]
[Round "4"]
[White "Basovskiy, Jana"]
[Black "Retzlaff, Thomas"]
[Result "0-1"]
[WhiteElo "1760"]
[BlackElo "1807"]
[PlyCount "122"]
[EventDate "2018.02.09"]
[EventType "swiss"]
[EventRounds "7"]
[EventCountry "GER"]
[SourceTitle "CBM 182 Extra"]
[Source "ChessBase"]
[SourceDate "2018.02.23"]
[SourceVersion "1"]
[SourceVersionDate "2018.02.23"]
[SourceQuality "1"]

1. e4 d5 2. exd5 Nf6 3. d4 Nxd5 4. c4 Nb4 5. a3 N4c6 6. Be3 e6 7. Nf3 Be7 8. d5 exd5 9. cxd5 Na5 10. b4 Bf6 11. Ra2 Nac6 12. dxc6 Qxd1+ 13. Kxd1 Nxc6 14. Nbd2 Be6 15. Bc4 Bf5 16. Ke2 h6 17. Nb3 0-0 18. Nbd4 Nxd4+ 19. Nxd4 Bg6 20. Rd2 Bh5+ 21. Nf3 Bg4 22. h3 Bf5 23. Nd4 Be4 24. Nf3 Bc3 25. Rd7 Rae8 26. Bd5 Bxd5 27. Rxd5 f5 28. Kd3 Bb2 29. a4 Rf7 30. Bd4 c6 31. Rd6 Ba3 32. Kc3 a5 33. Bc5 b6 34. Kb3 bxc5 35. Kxa3 cxb4+ 36. Kb3 Re2 37. Rf1 Rc7 38. Nd4 Re5 39. Rxc6 Rd7 40. Nf3 Re2 41. Rc2 Rd3+ 42. Kb2 Re6 43. Rc5 Re2+ 44. Kb1 Rb3+ 45. Kc1 Ra3 46. Kd1 Rb2 47. Kc1 Raa2 48. Nd4 b3 49. Rc3 Rd2 50. Nxb3 Re2 51. Kd1 Reb2 52. Nc1 Rxa4 53. Rb3 Rd4+ 54. Rd3 Rdb4 55. Rd8+ Kh7 56. Nd3 Rb1+ 57. Ke2 Re4+ 58. Kf3 Rxf1 59. g4 Rd1 60. gxf5 Re7 61. Rd5 a4 0-1

[Event "Vellmar op 8th"]
[Site "Vellmar"]
[Date "2016.07.31"]
[Round "7"]
[White "Retzlaff, Thomas"]
[Black "Helmer, Andreas"]
[Result "1-0"]
[WhiteElo "1869"]
[BlackElo "1630"]
[PlyCount "53"]
[EventDate "2016.07.28"]
[EventType "swiss"]
[EventRounds "7"]
[EventCountry "GER"]
[SourceTitle "CBM 173 Extra"]
[Source "ChessBase"]
[SourceDate "2016.08.29"]
[SourceVersion "1"]
[SourceVersionDate "2016.08.29"]
[SourceQuality "1"]

1. d4 e6 2. Nc3 d5 3. Bf4 Bb4 4. Qd3 Bd6 5. Qg3 Bxf4 6. Qxf4 c6 7. g4 Nd7 8. Nf3 Qf6 9. Qd6 Qe7 10. Qg3 Nb6 11. Ne5 f6 12. Nd3 Nd7 13. f4 Qd6 14. Bg2 b6 15. 0-0-0 Bb7 16. e4 Ne7 17. e5 fxe5 18. fxe5 Qc7 19. Rhf1 Ng6 20. Rf2 Rf8 21. Rdf1 Rxf2 22. Rxf2 Qd8 23. g5 Qe7 24. h4 0-0-0 25. h5 Ngf8 26. g6 h6 27. Rf7 1-0

[Event "Vellmar op 8th"]
[Site "Vellmar"]
[Date "2016.07.29"]
[Round "2"]
[White "Retzlaff, Thomas"]
[Black "Bub, Volker"]
[Result "0-1"]
[WhiteElo "1869"]
[BlackElo "2063"]
[PlyCount "130"]
[EventDate "2016.07.28"]
[EventType "swiss"]
[EventRounds "7"]
[EventCountry "GER"]
[SourceTitle "CBM 173 Extra"]
[Source "ChessBase"]
[SourceDate "2016.08.29"]
[SourceVersion "1"]
[SourceVersionDate "2016.08.29"]
[SourceQuality "1"]

1. d4 c5 2. e3 Nf6 3. Nf3 b6 4. g3 Bb7 5. Bg2 g6 6. 0-0 Bg7 7. c4 0-0 8. Nc3 d6 9. d5 a6 10. a4 Nbd7 11. Re1 Ne8 12. e4 Nc7 13. Qd3 Ne5 14. Nxe5 dxe5 15. Bg5 h6 16. Be3 Ne6 17. Qd2 Nd4 18. Rad1 Kh7 19. Ne2 Bc8 20. f3 Bd7 21. Bxd4 cxd4 22. b3 Qc7 23. Nc1 b5 24. axb5 axb5 25. Bf1 bxc4 26. Bxc4 Rfb8 27. Nd3 h5 28. Ra1 Bh6 29. f4 f6 30. Qf2 Rxa1 31. Rxa1 Bb5 32. Bxb5 Rxb5 33. b4 Qc3 34. Rd1 h4 35. Kg2 exf4 36. gxf4 h3+ 37. Kh1 Qb3 38. Qe2 Rb8 39. Kg1 Ra8 40. Kf2 Ra2 41. Rd2 Rxd2 42. Qxd2 Qb1 43. Qe2 g5 44. fxg5 Bxg5 45. Kg3 Kg7 46. Kxh3 Qg1 47. Ne1 Kh6 48. Nf3 Qa1 49. b5 Qc3 50. Kg4 d3 51. Qg2 d2 52. Nxd2 Bxd2 53. Qf2 Be3 54. Qh4+ Kg7 55. Qh5 Qd3 56. Kf5 Qf1+ 57. Ke6 Qxb5 58. Qf7+ Kh6 59. Kf5 Qd7+ 60. Qe6 Qe8 61. Kg4 Qh5+ 62. Kg3 Bc5 63. h4 Bd6+ 64. Kg2 Qxh4 65. Qf7 Qxe4+ 0-1